Preliminary Scholastic Aptitude Test and National Merit Scholarship Qualifying Test (NMSQT) : (Record no. 194264)
[ view plain ]
| 000 -LEADER | |
|---|---|
| fixed length control field | 01242 a2200265 4500 |
| 003 - CONTROL NUMBER IDENTIFIER | |
| control field | NUST |
| 005 - DATE AND TIME OF LATEST TRANSACTION | |
| control field | 20230116140743.0 |
| 010 ## - LIBRARY OF CONGRESS CONTROL NUMBER | |
| LC control number | 87165818 |
| 020 ## - INTERNATIONAL STANDARD BOOK NUMBER | |
| International Standard Book Number | 0822020025 (pbk.) : |
| 040 ## - CATALOGING SOURCE | |
| Transcribing agency | Nust |
| 082 00 - DEWEY DECIMAL CLASSIFICATION NUMBER | |
| Classification number | 378.1662,BOB |
| 100 1# - MAIN ENTRY--PERSONAL NAME | |
| Personal name | Bobrow, Jerry. |
| 9 (RLIN) | 106884 |
| 245 10 - TITLE STATEMENT | |
| Title | Preliminary Scholastic Aptitude Test and National Merit Scholarship Qualifying Test (NMSQT) : |
| Remainder of title | preparation guide / |
| Statement of responsibility, etc. | by Jerry Bobrow and William A. Covino ; contributing authors, Bernard V. Zandy, Bill Bobrow ; consultants, Peter Z. Orton, Merritt L. Weisinger, David A. Kay. |
| 260 ## - PUBLICATION, DISTRIBUTION, ETC. | |
| Place of publication, distribution, etc. | Lincoln, Neb. : |
| Name of publisher, distributor, etc. | Cliffs Notes Inc., |
| Date of publication, distribution, etc. | c1986. |
| 300 ## - PHYSICAL DESCRIPTION | |
| Extent | vi, 99 p. : |
| Other physical details | ill. ; |
| Dimensions | 21 cm. |
| 505 ## - FORMATTED CONTENTS NOTE | |
| Formatted contents note | Part-1: Introduction (Page-3) Part-2: Analysis of Exam Areas (Page-11), Part-3: Practice –Review –Analyze (Page-45). |
| 650 #0 - SUBJECT ADDED ENTRY--TOPICAL TERM | |
| Topical term or geographic name entry element | National Merit Scholarship Qualifying Test |
| 9 (RLIN) | 106885 |
| 650 #0 - SUBJECT ADDED ENTRY--TOPICAL TERM | |
| Topical term or geographic name entry element | National Merit Scholarship Qualifying Test |
| 9 (RLIN) | 106885 |
| 650 #0 - SUBJECT ADDED ENTRY--TOPICAL TERM | |
| Topical term or geographic name entry element | PSAT (Educational test) |
| 9 (RLIN) | 106886 |
| 650 #0 - SUBJECT ADDED ENTRY--TOPICAL TERM | |
| Topical term or geographic name entry element | PSAT (Educational test) |
| 9 (RLIN) | 106886 |
| 700 1# - ADDED ENTRY--PERSONAL NAME | |
| Personal name | Covino, William A. |
| 9 (RLIN) | 106887 |
| 740 0# - ADDED ENTRY--UNCONTROLLED RELATED/ANALYTICAL TITLE | |
| Uncontrolled related/analytical title | Cliffs PSAT preparation guide and National Merit Scholarship Qualifying Test. |
| 740 0# - ADDED ENTRY--UNCONTROLLED RELATED/ANALYTICAL TITLE | |
| Uncontrolled related/analytical title | Cliffs PSAT/NMSQT preparation. |
| 942 ## - ADDED ENTRY ELEMENTS (KOHA) | |
| Source of classification or shelving scheme | |
| Koha item type | Book |
| Call number prefix | 378.1662,BOB |
| Withdrawn status | Lost status | Source of classification or shelving scheme | Damaged status | Not for loan | Permanent Location | Current Location | Shelving location | Date acquired | Full call number | Barcode | Date last seen | Price effective from | Koha item type | Public note |
|---|---|---|---|---|---|---|---|---|---|---|---|---|---|---|
| Military College of Signals (MCS) | Military College of Signals (MCS) | General Stacks | 12/12/2016 | 378.1662,BOB | MCS20783 | 12/08/2016 | 12/12/2016 | Book | Almirah No.74, Shelf No.3 | |||||
| Military College of Signals (MCS) | Military College of Signals (MCS) | General Stacks | 12/12/2016 | 378.1662,BOB | MCS20784 | 12/08/2016 | 12/12/2016 | Book | Almirah No.54, Shelf No.3 | |||||
| Military College of Signals (MCS) | Military College of Signals (MCS) | General Stacks | 12/12/2016 | 378.1662,BOB | MCS20785 | 12/08/2016 | 12/12/2016 | Book | Almirah No.74, Shelf No.3 | |||||
| Military College of Signals (MCS) | Military College of Signals (MCS) | General Stacks | 12/12/2016 | 378.1662,BOB | MCS20786 | 12/08/2016 | 12/12/2016 | Book | Almirah No.74, Shelf No.3 |
